| 000 | 00702cam a2200229 a 4500 | ||
|---|---|---|---|
| 001 | 000009618 | ||
| 005 | 20200929161638.0 | ||
| 008 | 880808s1984 cr f001 f spa d | ||
| 020 | _a9977300542 | ||
| 040 |
_aDO-SdBNP _cIQU _dCatalogación noche |
||
| 082 |
_aCr863.44 _bN218d, 1984 |
||
| 100 | 1 |
_aNaranjo Coto, Carmen. _924470 |
|
| 245 | 1 | 0 |
_aDiario de una multitud / _cCarmen Naranjo Coto. |
| 250 | _a4a ed. | ||
| 260 |
_aSan José : _bUniversitaria Centroaméricana, _c1984. |
||
| 300 |
_a297 p. ; _c17 cm. |
||
| 490 | 1 | _aSéptimo día | |
| 650 | 4 |
_aNovela costarricense _911840 |
|
| 650 | 4 |
_aLiteratura costarricense _93332 |
|
| 830 | 0 |
_aSéptimo día _924471 |
|
| 910 | _aCatalogación derivada | ||
| 999 |
_c9378 _d9378 |
||